|
|
|
|
| LEADER |
00000nam0a2200000 4500 |
| 001 |
33702 |
| 005 |
20231101210201.0 |
| 035 |
|
|
|a (RuTPU)RU\TPU\book\34068
|
| 035 |
|
|
|a BOOK00000719
|
| 090 |
|
|
|a 33702
|
| 100 |
|
|
|a 20011210d1973 m y0rusy50 ca
|
| 101 |
0 |
|
|a rus
|
| 102 |
|
|
|a RU
|
| 105 |
|
|
|a a j 001zy
|
| 200 |
1 |
|
|a Техника высоких напряжений
|e учебное пособие
|f под ред. М. В. Костенко
|
| 210 |
|
|
|a Москва
|c Высшая школа
|d 1973
|
| 215 |
|
|
|a 528 с.
|c ил.
|
| 316 |
|
|
|5 63413507: КР-6148
|a На титульном листе дарственная надпись: "Глубокоуважаемому Александру Акимовичу от коллектива авторов. [нрзб]. Г. Кучинский. [нрзб]. [нрзб]. [нрзб]. Александров. Половой"
|
| 316 |
|
|
|5 63413507: КР-6148
|a На титульном листе владельческая надпись: "Томск 25.3.74"
|
| 317 |
|
|
|5 63413507: КР-6148
|a Поступила в НТБ в 1987 г. в дар от вдовы ученого Е. К. Завадовской
|
| 320 |
|
|
|a Библиогр.: с. 521
|
| 330 |
|
|
|a Книга содержит физико-математические основы техники высоких напряжений и состоит из четырех разделов: в первом и втором рассмотрены физика, теория и характеристики разряда в газах (при различных давлениях), в жидких, твердых и комбинированных диэлектриках; третий посвящен перенапряжениям в электрических сетях и защите от них; четвертый — вопросам координации изоляции, методам расчета изоляции электрических сетей, оборудования и машин, а также основам высоковольтных испытаний и измерений.
|
| 606 |
1 |
|
|a Техника высоких напряжений
|2 stltpush
|3 (RuTPU)RU\TPU\subj\60029
|9 77519
|
| 610 |
1 |
|
|a высокие напряжения
|
| 610 |
1 |
|
|a учебные пособия
|
| 610 |
1 |
|
|a газы
|
| 610 |
1 |
|
|a жидкости
|
| 610 |
1 |
|
|a диэлектрики
|
| 610 |
1 |
|
|a изоляция
|
| 610 |
1 |
|
|a расчет
|
| 610 |
1 |
|
|a перенапряжения
|
| 610 |
1 |
|
|a электрические сети
|
| 610 |
1 |
|
|a высоковольтные изоляционные конструкции
|
| 610 |
1 |
|
|a высоковольтные измерения
|
| 610 |
1 |
|
|a библиотека А. А. Воробьева
|
| 610 |
1 |
|
|a дары библиотеке
|
| 610 |
1 |
|
|a дарственные надписи
|
| 610 |
1 |
|
|a владельческая надпись
|
| 675 |
|
|
|a 621.3.027.3(075.8)
|v 4
|
| 702 |
|
1 |
|a Костенко
|b М. В.
|g Михаил Владимирович
|4 340
|
| 801 |
|
0 |
|a RU
|b 63413507
|c 20011210
|g PSBO
|
| 801 |
|
2 |
|a RU
|b 63413507
|c 20210318
|g PSBO
|
| 900 |
|
|
|a Техника высоких напряжений
|
| 900 |
|
|
|a Изоляция высоковольтных ЛЭП
|
| 900 |
|
|
|a Высоковольтные испытательные установки и измерения
|
| 900 |
|
|
|a Переходные процессы, перенапряжения и их ограничения
|
| 942 |
|
|
|c BK
|